Southville International School and Colleges
Your cart is empty.
  • Cart
  • Lists
    Public lists Eva Luna New books Lux_list list_1
    Your lists Log in to create your own lists
  • Log in to your account
  • Your cookies
  • Search history
Southville International School and Colleges
  • Advanced search
  • Recent comments
  • Most popular
  • Libraries

Log in to your account

Log in with GOOGLE


If you do not have an external account, but do have a local account, you can still log in:

  1. Home
  2. MARC view: Managing visitors attractions /
Normal view MARC view ISBD view

Managing visitors attractions / (Record no. 39726)

[ view plain ]
MARC details
000 -LEADER
fixed length control field 00706nam a2200253 a 4500
003 - CONTROL NUMBER IDENTIFIER
control field PILC
005 - DATE AND TIME OF LATEST TRANSACTION
control field 20160229144436.0
008 - FIXED-LENGTH DATA ELEMENTS--GENERAL INFORMATION
fixed length control field 111012s19uu xx 00 eng d
020 ## - INTERNATIONAL STANDARD BOOK NUMBER
International Standard Book Number 9780750685450
050 ## - LIBRARY OF CONGRESS CALL NUMBER
Classification number G 155.A1
Item number .M311v 2008
100 ## - MAIN ENTRY--PERSONAL NAME
Personal name Fyall, Alan.
245 ## - TITLE STATEMENT
Title Managing visitors attractions /
Statement of responsibility, etc Alan Fyall, Brian Garrod, Anna Leask, Stephen Wanhill.
250 ## - EDITION STATEMENT
Edition statement 2nd edition.
260 ## - PUBLICATION, DISTRIBUTION, ETC. (IMPRINT)
Place of publication, distribution, etc Amsterdam :
Name of publisher, distributor, etc Elsevier,
Date of publication, distribution, etc 2008.
300 ## - PHYSICAL DESCRIPTION
Extent 363 pages ;
Dimensions 24 cm.
500 ## - GENERAL NOTE
General note Includes index.
650 ## - SUBJECT ADDED ENTRY--TOPICAL TERM
Topical term or geographic name as entry element Tourism.
650 ## - SUBJECT ADDED ENTRY--TOPICAL TERM
Topical term or geographic name as entry element Leisure industry.
700 ## - ADDED ENTRY--PERSONAL NAME
Personal name Garrod, Brian.
700 ## - ADDED ENTRY--PERSONAL NAME
Personal name Leask, Anna.
700 ## - ADDED ENTRY--PERSONAL NAME
Personal name Wanhill, Stephen.
942 ## - ADDED ENTRY ELEMENTS (KOHA)
Koha item type Books
Source of classification or shelving scheme Library of Congress Classification
Call number prefix Foreign
Holdings
Withdrawn status Lost status Source of classification or shelving scheme Damaged status Home library Current library Shelving location Date acquired Source of acquisition Total Checkouts Full call number Barcode Date last seen Copy number Price effective from Koha item type
    Library of Congress Classification   College Library College Library General Circulation Section 10/12/2011 Library Fund   G 155.A1 .M311v 2008 C13729 05/15/2018 1 02/19/2014 Books

Managing visitors attractions /

APA

Fyall A., Garrod B., Leask A. & Wanhill S. (2008). Managing visitors attractions. Amsterdam: Elsevier.

Chicago

Fyall Alan, Garrod Brian, Leask Anna and Wanhill Stephen. 2008. Managing visitors attractions. Amsterdam: Elsevier.

Harvard

Fyall A., Garrod B., Leask A. and Wanhill S. (2008). Managing visitors attractions. Amsterdam: Elsevier.

MLA

Fyall Alan, Garrod Brian, Leask Anna and Wanhill Stephen. Managing visitors attractions. Amsterdam: Elsevier. 2008.

  • Place hold
  • Print
  • Cite
  • Add to your cart (remove)
  • Save record
    BIBTEX Dublin Core MARCXML MARC (non-Unicode/MARC-8) MARC (Unicode/UTF-8) MARC (Unicode/UTF-8, Standard) MODS (XML) RIS
  • More searches
    Search for this title in:
    Other Libraries (WorldCat) Other Databases (Google Scholar) Online Stores (Bookfinder.com) Open Library (openlibrary.org)

Exporting to Dublin Core...

SOUTHVILLE LIBRARY

Southville International School and Colleges Library

1281 Tropical Ave. Cor. Luxembourg St., BF Homes International, Las Pinas City

Tel. No. 8256374 / 252358 Loc. 117/146

Powered by Koha